Moiré index / (Record no. 22224)

MARC details
000 -CABECERA
campo de control de longitud fija 00861nam a2200277 4500
003 - IDENTIFICADOR DEL NÚMERO DE CONTROL
campo de control OSt
005 - FECHA Y HORA DE LA ÚLTIMA TRANSACCIÓN
campo de control 20260601193901.0
008 - DATOS DE LONGITUD FIJA--INFORMACIÓN GENERAL
campo de control de longitud fija 260507b2010 mx ||||| |||| 00| 0 spa d
020 ## - NÚMERO INTERNACIONAL ESTÁNDAR DEL LIBRO
Número Internacional Estándar del Libro 978899553086
020 ## - NÚMERO INTERNACIONAL ESTÁNDAR DEL LIBRO
Número Internacional Estándar del Libro 9783899553086
020 ## - NÚMERO INTERNACIONAL ESTÁNDAR DEL LIBRO
Número Internacional Estándar del Libro 389955308X
035 ## - NÚMERO DE CONTROL DEL SISTEMA
Número de control de sistema MX001001266305
040 ## - FUENTE DE LA CATALOGACIÓN
Centro catalogador/agencia de origen ICI
Lengua de catalogación spa
Centro/agencia transcriptor ICI
Normas de descripción rda
041 ## - CÓDIGO DE LENGUA
Código de lengua del texto/banda sonora o título independiente spa
050 ## - SIGNATURA TOPOGRÁFICA DE LA BIBLIOTECA DEL CONGRESO
Número de clasificación N6888
Número de documento/Ítem N53 2010
100 ## - ENTRADA PRINCIPAL--NOMBRE DE PERSONA
Nombre de persona Nicolai, Carsten,
Fechas asociadas al nombre 1965-,
Término indicativo de función/relación autor
245 #1 - MENCIÓN DE TÍTULO
Título Moiré index /
Mención de responsabilidad, etc. Carstein Nicolai
246 #3 - FORMA VARIANTE DE TÍTULO
Título propio/Titulo breve Carstein Nicolai :
Resto del título moiré index
300 ## - DESCRIPCIÓN FÍSICA
Extensión 224 páginas :
Otras características físicas hojas (algunas a color)
600 #1 - PUNTO DE ACCESO ADICIONAL DE MATERIA--NOMBRE DE PERSONA
Nombre de persona Nicolai, Carsten,
Fechas asociadas al nombre 1965-
Subdivisión de forma Exposiciones
9 (RLIN) 33813
650 ## - PUNTO DE ACCESO ADICIONAL DE MATERIA--TÉRMINO DE MATERIA
Término de materia o nombre geográfico como elemento de entrada Método de Moiré
Subdivisión de forma Exposiciones
9 (RLIN) 33814
650 ## - PUNTO DE ACCESO ADICIONAL DE MATERIA--TÉRMINO DE MATERIA
Término de materia o nombre geográfico como elemento de entrada Redes de difracción
Subdivisión de forma Exposiciones
9 (RLIN) 33815
651 ## - PUNTO DE ACCESO ADICIONAL DE MATERIA--NOMBRE GEOGRÁFICO
Nombre geográfico Arte óptico
Subdivisión de forma Exposiciones
9 (RLIN) 33816
942 ## - ELEMENTOS DE PUNTO DE ACCESO ADICIONAL (KOHA)
Fuente del sistema de clasificación o colocación Library of Congress Classification
Tipo de ítem Koha Libros
Suprimir en OPAC 1
Holdings
Estado de retiro Estado de pérdida Fuente del sistema de clasificación o colocación Estado dañado No para préstamo Localización permanente Ubicación/localización actual Fecha de adquisición Total de préstamos Signatura topográfica completa Código de barras Fecha visto por última vez Número de copia Precio válido a partir de Tipo de ítem Koha
El ejemplar forma parte de la colección y puede ser consultado según las políticas vigentes.   Library of Congress Classification     Biblioteca de Diseño Museo Franz Mayer Biblioteca de Diseño Museo Franz Mayer 07/05/2026   N6888 N53 2010 BDIMFM000491 07/05/2026 ej.1 07/05/2026 Libros